00627nam a22002057a 450000500170000001000110001702000220002803500110005003700160006104000120007708200170008910000250010624500930013126000480022427000140027230000250028650000190031165000450033065000460037520170124110214.0 a661230 c00.00a0691075360 a661230 bCen Lib/Ret aDPLbEN a330.954bFRA aFrankel, Francine R. aIndia's green revolution :cby Francine R. Frankelbeconomic gains and political costs / bPrinceton University PressaPrincetonc1971 bPrinceton avii,232p. c21cm(Hb) aIncludes index aAgriculture -- Economic aspects -- India aIndia -- Politics and government -- 1947-